Emma's dilemma : a storybook for the parent's children with social anxiety (Record no. 364900)
[ view plain ]
| 000 -LEADER | |
|---|---|
| fixed length control field | 00497nam a22001457a 4500 |
| 003 - CONTROL NUMBER IDENTIFIER | |
| control field | 0 |
| 005 - DATE AND TIME OF LATEST TRANSACTION | |
| control field | 20221117090220.0 |
| 008 - FIXED-LENGTH DATA ELEMENTS--GENERAL INFORMATION | |
| fixed length control field | 221117b xxu||||| |||| 00| 0 eng d |
| 050 ## - LIBRARY OF CONGRESS CALL NUMBER | |
| Classification number | M1356 |
| Item number | .So65 2018 |
| 245 ## - TITLE STATEMENT | |
| Title | Emma's dilemma : a storybook for the parent's children with social anxiety |
| Statement of responsibility, etc | Jenina Aliene M. Solon |
| 260 ## - PUBLICATION, DISTRIBUTION, ETC. (IMPRINT) | |
| Place of publication, distribution, etc | Las Pinas City, Philippines |
| Name of publisher, distributor, etc | Southville International School and Colleges |
| Date of publication, distribution, etc | C2018 |
| 300 ## - PHYSICAL DESCRIPTION | |
| Extent | viii,36pp. |
| Dimensions | 28cm. |
| Type of unit | Theses |
| 500 ## - GENERAL NOTE | |
| General note | Social anxiety. |
| 942 ## - ADDED ENTRY ELEMENTS (KOHA) | |
| Source of classification or shelving scheme | Library of Congress Classification |
| Koha item type | Theses |
| Withdrawn status | Lost status | Source of classification or shelving scheme | Damaged status | Home library | Current library | Shelving location | Date acquired | Source of acquisition | Sub Shelving location | Total Checkouts | Full call number | Barcode | Date last seen | Price effective from | Koha item type |
|---|---|---|---|---|---|---|---|---|---|---|---|---|---|---|---|
| Library of Congress Classification | College Library | College Library | Theses Section | 11/17/2022 | Donation | M1356 .So65 2018 | T1137 | 11/17/2022 | 11/17/2022 | Theses |